<?xml version="1.0" encoding="UTF-8"?>
<record
    xmlns:xsi="http://www.w3.org/2001/XMLSchema-instance"
    xsi:schemaLocation="http://www.loc.gov/MARC21/slim http://www.loc.gov/standards/marcxml/schema/MARC21slim.xsd"
    xmlns="http://www.loc.gov/MARC21/slim">

  <leader>00534nam a22001817a 4500</leader>
  <datafield tag="999" ind1=" " ind2=" ">
    <subfield code="c">166881</subfield>
    <subfield code="d">166881</subfield>
  </datafield>
  <datafield tag="010" ind1=" " ind2=" ">
    <subfield code="a">ENG-126161</subfield>
  </datafield>
  <datafield tag="020" ind1=" " ind2=" ">
    <subfield code="a">978-81-931167-3-8</subfield>
    <subfield code="c">700.00</subfield>
  </datafield>
  <datafield tag="035" ind1=" " ind2=" ">
    <subfield code="a">EN-109693</subfield>
  </datafield>
  <datafield tag="037" ind1=" " ind2=" ">
    <subfield code="b">DBAD/PUB</subfield>
  </datafield>
  <datafield tag="082" ind1=" " ind2=" ">
    <subfield code="a">158.6</subfield>
  </datafield>
  <datafield tag="100" ind1=" " ind2=" ">
    <subfield code="a">Agarwal,Sharad</subfield>
  </datafield>
  <datafield tag="245" ind1=" " ind2=" ">
    <subfield code="a">Choose The Right Career/</subfield>
    <subfield code="c">by Sharad Agarwal</subfield>
  </datafield>
  <datafield tag="260" ind1=" " ind2=" ">
    <subfield code="a">kolkata </subfield>
    <subfield code="b">Vikas Publication</subfield>
    <subfield code="c">2018</subfield>
  </datafield>
  <datafield tag="270" ind1=" " ind2=" ">
    <subfield code="a">31-A Jhow Tolla Road </subfield>
    <subfield code="b">Kolkata </subfield>
  </datafield>
  <datafield tag="300" ind1=" " ind2=" ">
    <subfield code="a">192p.</subfield>
    <subfield code="c">22cm(pbk)</subfield>
    <subfield code="b">ill</subfield>
  </datafield>
  <datafield tag="500" ind1=" " ind2=" ">
    <subfield code="a">it includes index and bibliography</subfield>
  </datafield>
  <datafield tag="942" ind1=" " ind2=" ">
    <subfield code="2">ddc</subfield>
    <subfield code="c">EN</subfield>
    <subfield code="h">158.6</subfield>
    <subfield code="m">AGA</subfield>
  </datafield>
  <datafield tag="952" ind1=" " ind2=" ">
    <subfield code="0">0</subfield>
    <subfield code="1">0</subfield>
    <subfield code="4">0</subfield>
    <subfield code="7">0</subfield>
    <subfield code="8">NFIC</subfield>
    <subfield code="a">AV</subfield>
    <subfield code="b">AV</subfield>
    <subfield code="d">2019-08-13</subfield>
    <subfield code="e">DBAD/PUB</subfield>
    <subfield code="g">700.00</subfield>
    <subfield code="l">5</subfield>
    <subfield code="m">2</subfield>
    <subfield code="o">158.6 AGA</subfield>
    <subfield code="p">EN-109693</subfield>
    <subfield code="r">2023-09-20 00:00:00</subfield>
    <subfield code="s">2023-09-13</subfield>
    <subfield code="t">1</subfield>
    <subfield code="v">700.00</subfield>
    <subfield code="y">EN</subfield>
  </datafield>
</record>
